Những bản phần mềm internet - Gangster

Uloženo v:
Podrobná bibliografie
Hlavní autor: Jerry Cotton
Médium: Kniha
Jazyk:Undetermined
Vydáno: Công an nhân dân 2001
Tagy: Přidat tag
Žádné tagy, Buďte první, kdo otaguje tento záznam!
Thư viện lưu trữ: Trung tâm Học liệu Trường Đại học Cần Thơ
LEADER 00426nam a2200145Ia 4500
001 CTU_49020
008 210402s9999 xx 000 0 und d
082 |a 833 
082 |b C851 
100 |a Jerry Cotton 
245 0 |a Những bản phần mềm internet - Gangster 
245 0 |c Jerry Cotton, Kiều Hoa 
260 |b Công an nhân dân 
260 |c 2001 
980 |a Trung tâm Học liệu Trường Đại học Cần Thơ